The hellion bride / (Record no. 356142)
[ view plain ]
| 000 -LEADER | |
|---|---|
| fixed length control field | 00314nam a2200121Ia 4500 |
| 008 - FIXED-LENGTH DATA ELEMENTS--GENERAL INFORMATION | |
| fixed length control field | 180309s9999 xx 000 0 und d |
| 020 ## - INTERNATIONAL STANDARD BOOK NUMBER | |
| International Standard Book Number | 185797476 |
| 100 ## - MAIN ENTRY--PERSONAL NAME | |
| Personal name | Coulter, Catherine |
| 245 #4 - TITLE STATEMENT | |
| Title | The hellion bride / |
| 260 ## - PUBLICATION, DISTRIBUTION, ETC. (IMPRINT) | |
| Place of publication, distribution, etc | England |
| Name of publisher, distributor, etc | 1992 |
| Date of publication, distribution, etc | Orion pub |
| 300 ## - PHYSICAL DESCRIPTION | |
| Extent | 378 pages |
| 650 ## - SUBJECT ADDED ENTRY--TOPICAL TERM | |
| Topical term or geographic name as entry element | Psychological Thrillers |
| Withdrawn status | Lost status | Damaged status | Home library | Current library | Shelving location | Date acquired | Source of acquisition | Total Checkouts | Total Renewals | Full call number | Barcode | Date last seen | Date checked out | Price effective from | Koha item type |
|---|---|---|---|---|---|---|---|---|---|---|---|---|---|---|---|
| College Library | College Library | Fiction Section | 03/13/2018 | 1 | 4 | PS 3553.O843 .C855 1992 | c21375 | 01/31/2025 | 12/19/2024 | 03/13/2018 | Books |